| 000 | 00651nam a22001337a 4500 | ||
|---|---|---|---|
| 040 | _cRUA | ||
| 082 | _aAGR KHU 2009 BO43 Or.1 | ||
| 100 | _aKHUN, KIMKHUY | ||
| 245 | _aArthropod peses and natural enemies on cashrw tree in chamkar leu district, kampong cham province ប្រភេទសត្វល្អិតនៅលើដំណាំស្វាយចន្ទី ក្នុងស្រុកចំការលើ ខេត្តកំពង់ចាម. | ||
| 260 |
_aPhnom phen _bRUA _c2009 |
||
| 300 |
_aXII,60Pp. _bill. _c29cm. |
||
| 856 | _uhttps://drive.google.com/file/d/1RzfOafIUk6I_BRrhW5QbzhCu_McmgP24/view?usp=sharing | ||
| 942 | _cAGR | ||
| 999 |
_c1182 _d1182 |
||